LEADER 00868nas a2200241 i 4500 001 000000092676 003 CaOOAMICUS 005 20240403115929.0 008 170301b1985 it uu u0 0ita r 013 $a64918 020 $a88-85000-56-8 040 $aSeMil$bita 245 10$a1985 /$ca cura di Luigi Bini. 260 $aMilano :$bLetture,$ccopyr. 1985. 300 $a222 p., [12] p. di tav. ;$c24 cm. 700 1 $aBini, Luigi .$0(OLS)http://semarc/name/28534 773 0 $tQuaderni di ĞLettureğ.$dMilano : Letture, 1963.$w()10999 850 $aSeMil 852 $aSeMil$W1$xVenegono$y1$m133 4 23$j55563$B55563$CSeMilBibl$Z2$F60277 $85 996 $6020$a88-85000-56-8$9(OLS)http://semarc/number/72906 996 $6245$a1985$9(OLS)http://semarc/title/264278 996 $6260$aMilano :$bLetture$9(OLS)http://semarc/publisher/31553 LEADER 01277nam a2200241 i 4500 001 000000108092 003 CaOOAMICUS 005 20061123000000.0 008 061123s1975 it u000 u ita u 013 $a80658 040 $aSeMil$bita 245 10$aFede e Rito :$bla dimensione rituale nella esperienza di vita cristiana : atti della 3. settimana di studio dell'Associazione professori di liturgia, Valdragone (Rep. di San Marino), 9-12 settembre 1974 /$c; [D. Sartore ... et al.]. 260 $aBologna :$bEDB,$c1975. 300 $a152 p. ;$c19 cm. 490 0 $aStudi di liturgia ;$v3 650 4$aRituale cristiano.$0(OLS)http://semarc/subject/19013 700 1 $aSartore, Domenico .$0(OLS)http://semarc/name/5835 830 0$aStudi di liturgia ;$v3.$0(OLS)http://semarc/title/88 850 $aSeMil 852 $aSeMil$W1$xVenegono$y1$m3K II 102$j64188$B64188$CSeMilBibl$Z2$F121110 $81 961 $aOmaggio: Rogora don Roberto 996 $6245$aFede e Rito :$bla dimensione rituale nella esperienza di vita cristiana : atti della 3. settimana di studio dell'Associazione professori di liturgia, Valdragone (Rep. di San Marino), 9-12 settembre 1974$9(OLS)http://semarc/title/156667 996 $6260$aBologna :$bEDB$9(OLS)http://semarc/publisher/29669